Bilecik Bilecik Bilecik Bilecik Bilecik

Üçlü sarmal: gen, organizma ve çevre/ (Record no. 52265)

MARC details
000 -BAŞLIK
Sabit Uzunluktaki Kontrol Alanı 01352nam a22003857a 4500
001 - KONTROL NUMARASI
Control Dosyası 0052448
003 - KONTROL NUMARASI KİMLİĞİ
Kontrol Alanı KOHA_MİRAKIL
005 - EN SON İŞLEM TARİHİ ve ZAMANI
Kontrol Alanı 20260207003843.0
007 - FİZİKSEL TANIM SABİT ALAN - GENEL BİLGİ
Sabit uzunluklu kontrol alanı ta
008 - SABİT UZUNLUKTAKİ VERİ ÖGELERİ - GENEL BİLGİ
Sabit Alan 150629b2013 tu |||gr||||#||||0|tur |
020 ## - ISBN - ULUSLARARASI STANDART KİTAP NUMARASI
Isbn 9786050203080
040 ## - KATALOGLAMA KAYNAĞI
Özgün Kataloglama Kurumu TR-BiSEU
Kataloglama Dili tur
Çeviri Kurumu TR-BiSEU
Açıklama Kuralları rda
041 0# - DİL KODU
Metin ya da ses kaydının dil kodu tur
044 ## - YAYINLAYAN/ÜRETEN KURULUŞUN ÜLKE KODU
ISO country code tu
050 ## - SINIFLAMA ve YER NUMARASI
Sınıflama Numarası QH506
Yer Numarası .L44 2013
100 1# - KİŞİ ADI
Yazar Adı (Kişi adı) Lewontin, Richard C..
240 10 - TEK BİÇİM BAŞLIK
Tekbiçim Başlık <a href="The triple helix: gene, organism, and environment">The triple helix: gene, organism, and environment</a>
Language of a work Türkçe
245 1# - ESER ADI BİLDİRİMİ
Başlık Üçlü sarmal: gen, organizma ve çevre/
Sorumluluk Bildirimi Richard C. Lewontin ; Richard Lewontin ; İngilizceden çeviren Ergi Deniz Özsoy ; editör Levent Çeviker..
264 #1 - ÜRERİM, YAYIN, DAĞITIM ve TELİF BİLDİRİMİ
Yayın yeri İstanbul :
Yayınlayan Say Yayınları
Yayın tarihi 2013
300 ## - FİZİKSEL TANIMLAMA
Sayfa, Cilt vb. 178 sayfa: resimli ;
Boyutları 19 cm.
336 ## - İÇERİK TÜRÜ
Content type term metin
Content type code txt
Source rdacontent
337 ## - MEDYA TÜRÜ
Media type term aracısız
Media type code n
Source rdamedia
338 ## - TAŞIYICI TÜRÜ
Carrier type term cilt
Carrier type code nc
Source rdacarrier
490 0# - DİZİ BİLDİRİMİ
Dizi Bildirimi Say yayınları.
490 0# - DİZİ BİLDİRİMİ
Dizi Bildirimi Popüler Bilim dizisi
500 ## - GENEL NOT
Genel Not Özgün adı: The triple helix: gene, organism, and environment
500 ## - GENEL NOT
Genel Not Kaynakça ve dizin var.
650 #0 - KONU BAŞLIĞI EK GİRİŞ - KONU TERİMİ
Konusal terim veya coğrafi ad Molecular biology--Philosophy.
9 (RLIN) 97925
650 #0 - KONU BAŞLIĞI EK GİRİŞ - KONU TERİMİ
Konusal terim veya coğrafi ad Developmental biology--Philosophy.
9 (RLIN) 97926
650 #0 - KONU BAŞLIĞI EK GİRİŞ - KONU TERİMİ
Konusal terim veya coğrafi ad Ecology--Philosophy.
9 (RLIN) 97927
650 #0 - KONU BAŞLIĞI EK GİRİŞ - KONU TERİMİ
Konusal terim veya coğrafi ad Evolution (Biology).
9 (RLIN) 35943
830 0# - SERİ EK GİRİŞİ - TEKBİÇİM ESER ADI
Tekbiçim Başlık Say yayınları.
9 (RLIN) 25678
830 0# - SERİ EK GİRİŞİ - TEKBİÇİM ESER ADI
Tekbiçim Başlık Popüler Bilim dizisi
9 (RLIN) 97928
942 ## - EK GİRİŞ ÖGELERİ (KOHA)
Source of classification or shelving scheme Library of Congress Classification
Koha item type Book
Holdings
Materyal Türü Kalıcı Konum Mevcut Konum Raf Yeri Sınıflandırma Kaynağı Edinim Bilgisi Ana Konular Alt Konular Yer Numarası Demirbaş Numarası Fatura Tarihi Maliyet, Alış Fiyatı Maliyet, Yenileme Fiyatı Geri Çekilme Durumu Kayıp Durumu Hasarlı Durumu Kredi için değil Kayıt Tarih Toplam Ödünçverme Son Görülme Tarihi Son Kontrol Tarihi Satın Alma Notu
Book Prof. Dr. Azmi Özcan Kütüphanesi Prof. Dr. Azmi Özcan Kütüphanesi Birûni Salonu Library of Congress Classification Satın BİLİM Doğa Tarihi - Biyoloji QH506 .L44 2013 0052448 07/07/2015 6.20 6.20         29/06/2015 6 05/12/2024 05/12/2024 B-984687 - B-984797